Landesregierung – Rheinland-Pfalz - Statistiken

Allgemein
  • Dieses Quiz wurde 5 mal gespielt
  • Das Durchschnittsergebnis liegt bei 6 aus 10
Antwortstatistiken
Resort Antwort % Korrekt
Ministerpräsident Alexander Schweitzer
100%
Arbeit, Soziales, Transformation und Digitalisierung Dörte Schall
100%
Wirtschaft, Verkehr, Landwirtschaft und Weinbau Daniela Schmitt
67%
Finanzen Doris Ahnen
67%
Klimaschutz, Unwelt, Energie und Mobilität Katrin Eder
67%
Inneres und Sport Michael Ebling
67%
Wissenschaft und Gesundheit Clemens Hoch
33%
Familie, Frauen, Kultur und Integration Katharina Binz
33%
Justiz Philipp Fernis
33%
Bildung Sven Teuber
33%
Keine übereinstimmenden Quizze gefunden
Verteilung der Resultate
Anzahl Personen mit jedem Resultat
Perzentil nach korrekt beantworteten Fragen
Ihre Resultats-Entwicklung
Sie haben dieses Quiz noch nicht gespielt